AN INTRODUCTION TO INTERNATIONAL RELATION AND RELIGION (Record no. 15066)

MARC details
000 -LEADER
fixed length control field 00305nam a22001337a 4500
003 - CONTROL NUMBER IDENTIFIER
control field SGT
082 ## - DEWEY DECIMAL CLASSIFICATION NUMBER
Classification number 150
Item number I14H
100 ## - MAIN ENTRY--PERSONAL NAME
Personal name HAYNES, JEFFREY
245 ## - TITLE STATEMENT
Title AN INTRODUCTION TO INTERNATIONAL RELATION AND RELIGION
250 ## - EDITION STATEMENT
Edition statement 2ND
260 ## - PUBLICATION, DISTRIBUTION, ETC. (IMPRINT)
Place of publication, distribution, etc INDIA
Name of publisher, distributor, etc PERSON
Year of Publication 2014
300 ## - PAGE DESCRIPTION
No. of Pages 438
942 ## - ADDED ENTRY ELEMENTS (KOHA)
Source of classification or shelving scheme Dewey Decimal Classification
Koha item type Books
Holdings
Withdrawn status Lost status Source of classification or shelving scheme Damaged status Not for loan Collection code Home library Current library Shelving location Date acquired Vendor Name Cost, normal purchase price SGTU Bill Number Full call number Accession No. (Barcode) Date last seen Bill Date Koha item type Total Checkouts Date last borrowed
    Dewey Decimal Classification   Not For Loan MEDICAL SGT Medical Library SGT Medical Library Text Book 05/02/2018 ABC 399.00 SGTU 9089 150 I14H FM10383 05/02/2018 13/12/2017 Books    
    Dewey Decimal Classification     MEDICAL SGT Medical Library SGT Medical Library Text Book 05/02/2018 ABC 399.00 SGTU 9089 150 I14H FM10384 30/04/2025 13/12/2017 Books 2 15/04/2025
    Dewey Decimal Classification     MEDICAL SGT Medical Library SGT Medical Library Text Book 05/02/2018 ABC 399.00 SGTU 9089 150 I14H FM10385 05/02/2018 13/12/2017 Books